| 000 | 01229nam a2200301 4500 | ||
|---|---|---|---|
| 001 | 0000020864 | ||
| 003 | CO-CtgCURN | ||
| 005 | 20250513233642.0 | ||
| 007 | ta | ||
| 008 | 160627s2001 000 0 eng d | ||
| 020 | _a9589380336 | ||
| 040 |
_aCO-CtgCURN _bspa _ccoctgcurn |
||
| 082 | 0 |
_a346.015 _bM65i |
|
| 100 | 1 | _aMontoya Echeverri, Gloria. | |
| 245 | 1 | 0 |
_aIntroducción al derecho de familia : _bactualizada con la nueva jurisprudencia / _cGloria Montoya Echeverri. |
| 260 |
_aMedellin : _bLibreria Juridica Sánchez R, _c2001. |
||
| 300 | _a189 p. | ||
| 336 | _2rdacontent | ||
| 337 |
_2rdamedia _asin mediacion _bn |
||
| 338 |
_2rdacarrier _avolumen _bnc |
||
| 500 | _aIncluye indice. | ||
| 504 | _aBibliografia (p. 183-186) | ||
| 505 | 8 | _aIntroducción al derecho de familia.--Caracteristicas del derecho de familia.--La familia en Colombia.--Definicion de familia.--La familia y los tratados internacionales.--Publicidad para la celebracion del matrimonio.--Efectos del matrimonio.--Matrimonio putativo.--Matrimonio canonico | |
| 650 | 1 | 4 | _aFilosofia del derecho. |
| 908 | _a160627 | ||
| 942 |
_cBK _h346.015 _iM65i _2ddc _n0 |
||
| 999 |
_c20045 _d20045 |
||